000 00509nam a2200193Ia 4500
999 _c9930
_d9930
003 OSt
005 20191224102820.0
008 190216s9999||||xx |||||||||||||| ||und||
020 _a8173280452
040 _coclc
082 _a339
_bVAI/M
100 _aVaish, M C
_9550
245 0 _aMacroeconomic Theory /
_cM C Vaish
250 _a10th ed.
260 _bWishwa Prakashan,
_c1995.
_aNew Delhi:
300 _a659p
650 _aEconomics
942 _cBK
_2ddc
_h339
_iVAI/M
_k339
_mVAI/M